000 00947nam a2200289 i 4500
001 000017347
003 DO-SdBNP
005 20240412074247.0
007 ta
008 100323s2008 dr r 000 p spa d
020 _a9789945420418
040 _aDO-SdBNP
_bspa
_cBNPHU
_erda
082 4 _aRD861.44
_bO96d
_222
100 1 _aOvalles, Pedro,
_d1957-
_eautor
_923781
245 1 0 _aDanza del suicida /
_cPedro Ovalles.
264 _aSan Francisco de Macorís, República Dominicana :
_bÁngeles Fierro
_bNacional,
_c2008.
300 _a88 páginas ;
_c21 cm.
336 _2rdacontent
_atexto
_btxt
337 _2rdamedia
_asin mediación
_bn
338 _2rdacarrier
_avolumen
_bnc
500 _aIncluye datos biográficos del autor en la solapa de la cubierta
590 _aInventariado, 2018/BT
650 4 _aPoesía dominicana
_966
650 0 _aLiteratura dominicana.
_967
910 _aValidado. Control de calidad. MFF
942 _2ddc
_cLBS1
999 _c16872
_d16872